Опыт разработки мощного пласта системой камер по восстанию со штанговой крепью на шахте Зиминка 3-4 Кузнецкого бассейна; Известия вузов. Горный журнал; № 9

Opis bibliograficzny
Parent link:Известия вузов. Горный журнал.— , 1958-1996
№ 9.— 1958.— С. 3-7
1. autor: Коврижин А. К.
Kolejni autorzy: Шахматов В. Ф.
Język:rosyjski
Wydane: 1958
Hasła przedmiotowe:
Format: MixedMaterials Rozdział
KOHA link:https://koha.lib.tpu.ru/cgi-bin/koha/opac-detail.pl?biblionumber=582132

MARC

LEADER 00000naa2a2200000 4500
001 582132
005 20231101130823.0
035 |a (RuTPU)RU\TPU\prd\282349 
035 |a RU\TPU\tpu\6143 
090 |a 582132 
100 |a 20181225d1958 k y0rusy50 ca 
101 0 |a rus 
102 |a RU 
200 1 |a Опыт разработки мощного пласта системой камер по восстанию со штанговой крепью на шахте Зиминка 3-4 Кузнецкого бассейна  |f А. К. Коврижин, В. Ф. Шахматов 
461 |0 (RuTPU)RU\TPU\prd\186  |t Известия вузов. Горный журнал  |d 1958-1996 
463 |0 (RuTPU)RU\TPU\prd\171197  |t № 9  |v С. 3-7  |d 1958 
610 1 |a горное дело 
610 1 |a труды учёных ТПУ 
700 1 |a Коврижин  |b А. К. 
701 1 |a Шахматов  |b В. Ф. 
801 0 |a RU  |b 63413507  |c 20011210  |g PSBO 
801 2 |a RU  |b 63413507  |c 20181225  |g PSBO 
942 |c BK